| 000 | 00561nam a2200181Ia 4500 | ||
|---|---|---|---|
| 003 | IEPS | ||
| 005 | 20250703135247.0 | ||
| 008 | 250223s9999||||xx |||||||||||||| ||und|| | ||
| 020 | _a977294314X | ||
| 040 | _CIEPS | ||
| 041 | _aara | ||
| 082 | _a797.2 | ||
| 100 | _aالقط محمد علي | ||
| 245 | 0 | _aاستراتيجية التدريب الرياضي في السباحة. (الجزء الثاني) | |
| 260 |
_aالقاهرة _bالمركز العربي للنشر _c2005 |
||
| 300 |
_a360 ص. _bجداول ، مخططات _c24 سم. |
||
| 942 | _cكتاب | ||
| 999 |
_c11621 _d11621 |
||